Solos de Clarín

Gorde:
Xehetasun bibliografikoak
Egile nagusia: Alas, Leopoldo (Egilea)
Formatua: Liburua
Hizkuntza:gaztelania
Argitaratua: Madrid Alianza 1971
Saila:<El >Libro de Bolsillo. Sección Literatura
Gaiak:
Etiketak: Etiketa erantsi
Etiketarik gabe, Izan zaitez lehena erregistro honi etiketa jartzen!

MARC

LEADER 00000nam a2200000 a 4500
001 UCT7638
003 CL-VaPUC
008 970123e19710000SP |||||||||||||||||spa|d
082 0 4 |a 864  |b ALA  |2 21 
100 0 |a Alas, Leopoldo  |e author  |9 348483 
245 1 0 |a Solos de Clarín 
300 |a 368 p 
942 |c BK 
945 |d 19970123 00:00:00  |a rleighto 
260 |a Madrid  |b Alianza  |c 1971 
650 0 |a Ensayos españoles  |9 313128 
583 |a last modification  |c 19970123 00:00:00  |k Rodrigo Vera 
490 0 |a <El >Libro de Bolsillo. Sección Literatura 
999 |c 256197  |d 256195 
952 |0 0  |1 0  |4 0  |6 864_000000000000000_ALA_1971  |7 0  |8 A  |9 278791  |a BIBEDU  |b BIBEDU  |d 2019-11-19  |i 3273350  |o 864 ALA 1971  |p 3273350  |r 2019-11-19  |w 2019-11-19  |y BK  |k LIT